Albert Brooks Filmography - Statistics

General Stats
  • This quiz has been taken 43 times
    3 since last reset
  • The average score is 27 of 76
Answer Stats
Type Year Name % Correct
Film 2016 Finding Dory
100%
Film 2003 Finding Nemo
100%
TV Show 1990-2023 The Simpsons
100%
Film 2007 The Simpsons Movie
100%
Documentary 2023 Albert Brooks: Defending My Life
50%
Film 2014 A Most Violent Year
50%
Film 1987 Broadcast News
50%
Film 2015 Concussion
50%
Film 1997 Critical Care
50%
TV Show 2021 Curb Your Enthusiasm
50%
Film 1991 Defending Your Life
50%
Film 1998 Dr. Dolittle
50%
Film 2011 Drive
50%
Film 2025 Ella McCay
50%
TV Show 1969 Hot Wheels
50%
Film 1994 I'll Do Anything
50%
Film 2017 I Love You, Daddy
50%
TV Show 1969 Insight
50%
TV Show 1973 Jack Paar Tonite
50%
Film 2005 Looking for Comedy in the Muslim World
50%
Film 1985 Lost in America
50%
TV Show 1971 Love, American Style
50%
TV Show 1969 Marcus Welby, M.D.
50%
Film 1981 Modern Romance
50%
Film 1996 Mother
50%
Film 2001 My First Mister
50%
TV Show 1970 Neil Simon's The Odd Couple
50%
Film 1998 Out of Sight
50%
Film 1980 Private Benjamin
50%
Film 1979 Real Life
50%
TV Show 1975-1976 Saturday Night Live
50%
Film 1976 Taxi Driver
50%
Film 1983 Terms of Endearment
50%
TV Show 1970 The Dean Martin Show
50%
TV Show 1970 The Dennis Wholey Show
50%
TV Show 1971 The Ed Sullivan Show
50%
TV Show 1972-1974 The Hollywood Squares
50%
Film 2003 The In-Laws
50%
TV Show 1971 The Johnny Cash Show
50%
TV Show 1969-1970 The Merv Griffin Show
50%
TV Show 1981 The Midnight Special
50%
TV Show 1972, 1973 The Mike Douglas Show
50%
Film 1999 The Muse
50%
TV Show 1972 The New Dick Van Dyke Show
50%
Film 1994 The Scout
50%
Film 2016 The Secret Life of Pets
50%
Film 2012 This Is 40
50%
Film 1983 Twilight Zone: The Movie
50%
Film 1984 Unfaithfully Yours
50%
TV Show 2008 Weeds
50%
Documentary Series 2002 Backstory
0%
Documentary Series 2003 Biography
0%
Commercial 2007 Blockbuster
0%
Documentary 2025 Breakdown: 1975
0%
Commercial 2013, 2019 Chevrolet
0%
TV Show 1971 Chevrolet Presents the Golddiggers
0%
TV Show 1969 Dean Martin Presents the Golddiggers
0%
Theater 1965 Enter Laughing
0%
Commercial 2018 E*TRADE
0%
Short Documentary 2003 Exploring the Reef
0%
TV Special 1978 General Electric's All-Star Anniversary
0%
Documentary 1999 Making 'Taxi Driver'
0%
TV Special 1974 Milton Berle's Mad Mad Mad World of Comedy
0%
Short Film 2003 Multiple Takes with Albert Brooks
0%
Audiobook 2019 Rattletrap Car
0%
TV Special 2025 Rob Reiner: Scenes from a Life
0%
TV Special 2011 Saturday Night Live Backstage
0%
TV Show 1970 The Everly Brothers Show
0%
TV Short 1976 The Famous Comedians School
0%
TV Show 1971 The Glen Campbell Goodtime Hour
0%
TV Show 1973 The Helen Reddy Show
0%
Film 2015 The Little Prince
0%
Short Film 2003 The Parachute Sequence
0%
TV Show 1969 The Steve Allen Show
0%
Documentary 2021 The Super Bob Einstein Movie
0%
TV Show 1963-1991 The Tonight Show Starring Johnny Carson
0%
No matching quizzes found
Score Distribution
Percent of People with Each Score
Percentile by Number Answered
Your Score History
You have not taken this quiz since the last reset